QUIZ O GRACH - Statystyki

Ogólne statystyki
  • Ten quiz został rozwiązany 503 razy
  • Średni wynik to 8 z 26
Statystyki odpowiedzi
Hint Odpowiedź % Poprawnych
Geralt Wiedźmin
91%
Kratos God Of War
81%
Nathan Drake Uncharted
79%
CJ Grand Theft Auto San Andreas
71%
Lara Croft Tomb Raider
66%
Agent 47 Hitman
64%
BJ. Blazkowicz Wolfenstein
47%
Vito Scaletta Mafia 2
34%
Bayek Assassin's Creed Origins
30%
Ratchet i Clank Ratchet & Clank
28%
John Marston Red Dead Redemption
26%
Aloy Horizon Zero Dawn
23%
Jason Brody Far Cry 3
21%
Claude Speed Grand Theft Auto 3
21%
Ajay Ghale Far Cry 4
20%
Sackboy Little Big Planet
19%
Decon St. John Days Gone
12%
Zastępca Far Cry 5
12%
Marcus Holloway Watch Dogs 2
12%
Toni Cipriani Grand Theft Auto Liberty City Stories
10%
Nick Mendoza Battlefield Hardline
8%
Miles Upshur Outlast
7%
Sebastian Castellanos The Evil Within
6%
Blake Langermann Outlast 2
4%
Karl Fairburne Sniper Elite
4%
Chloe Frazer Uncharted The Lost Legacy
4%
Nie znaleziono quizów pasujących do podanych kryteriów
Rozkład punktacji
Procent ludzi z każdym wynikiem
Percentyl według liczby udzielonych odpowiedzi
Twoja historia wyników
Nie rozwiązałeś tego quizu